|
|
|
|
| LEADER |
01152nam a2200289 a 4500 |
| 001 |
c000340414 |
| 003 |
CARM |
| 005 |
20000630202917.0 |
| 008 |
830301s1963 enk b 000 0 eng d |
| 010 |
|
|
|a cvx00750096
|
| 019 |
1 |
|
|a 2598956
|z 42754413
|z 27721014
|z 48722857
|z 52366727
|5 LACONCORD2021
|
| 035 |
|
|
|a (OCoLC)368613
|5 LACONCORD2021
|
| 040 |
|
|
|a VCAV
|b eng
|c VCAV
|d NNCU:A
|
| 082 |
0 |
0 |
|a 823.809
|
| 082 |
0 |
4 |
|a 823/.8/09
|
| 100 |
1 |
|
|a James, Louis.
|
| 245 |
1 |
0 |
|a Fiction for the working man, 1830-1850 :
|b a study of the literature produced for the working classes in early Victorian urban England /
|c [by] Louis James.
|
| 260 |
|
|
|a London :
|b Oxford Uni. Press,
|c 1963.
|
| 300 |
|
|
|a xiv, 226p. :
|b ill., facsims. ;
|c 23cm.
|
| 500 |
|
|
|a Index.
|
| 504 |
|
|
|a Bibliography: p.[199]-219.
|
| 505 |
|
|
|a Index
|
| 650 |
|
0 |
|a English fiction
|y 19th century
|x History and criticism.
|
| 650 |
|
0 |
|a Working class
|z England.
|
| 852 |
8 |
|
|b CARM
|h A1:AN01B0
|i B08492
|p 0408610
|f BK
|
| 999 |
f |
f |
|i cc1f8b6a-5220-5b6d-9bdf-2ad02ddc32e0
|s 0fe0a167-9d70-5a4a-ba34-2a2b09bc34a7
|
| 952 |
f |
f |
|p Can circulate
|a CAVAL
|b CAVAL
|c CAVAL
|d CARM 1 Store
|e B08492
|f A1:AN01B0
|h Other scheme
|i book
|m 0408610
|